| 000 | 01001nam a2200301 a 4500 | ||
|---|---|---|---|
| 003 | CHAP | ||
| 005 | 20220329143641.0 | ||
| 008 | 001123d2000 mx 10 spa d | ||
| 010 | _a99848 | ||
| 011 | _a100820 | ||
| 020 | _a9786074270495 | ||
| 035 | _a111506 | ||
| 040 | _cCHAP | ||
| 090 | _aCD - 265 | ||
| 110 | 0 |
_aMéxico. Secretaría de Gobernación _977180 |
|
| 245 | 1 | 3 |
_aLa constitución política de los Estados Unidos Mexicanos y sus reformas [Disco compacto] _c/por México. Secretaría de Gobernación |
| 260 |
_aMéxico, D.F. : _bSEGOB, _c2009 |
||
| 300 |
_a1 disco compacto ; _c4 3/4 plgs. |
||
| 590 |
_aBATCH-UPD _b10 _c20130110 _lUCH01 _h0928 |
||
| 590 |
_aBATCH-UPD _b10 _c20130410 _lUCH01 _h0548 |
||
| 590 |
_aBATCH-UPD _b10 _c20130914 _lUCH01 _h1824 |
||
| 590 |
_aCONVERSION _b10 _c20130109 _lUCH01 _h1355 |
||
| 650 | 0 | 4 |
_aMéxico _xConstitución. _976735 |
| 650 | 0 | 4 |
_aMéxico _xLeyes. _976778 |
| 901 | _aBK | ||
| 942 | _cCD | ||
| 949 |
_aCD-265 _bBC _cCD _d33724002221736 _eCD _i111506 _sb |
||
| 999 |
_c99848 _d99848 |
||